[Event "Mlada Boleslav Region-ch U20"]
[Site "Mlada Boleslav"]
[Date "2014.06.21"]
[Round "4"]
[White "Springl, Matej"]
[Black "Bohac, Jaroslav1111"]
[Result "1/2-1/2"]
[WhiteElo "1313"]
[BlackElo "1237"]
[PlyCount "47"]
[EventDate "2014.06.21"]
[EventType "swiss"]
[EventRounds "7"]
[EventCountry "CZE"]
[SourceTitle "EXT 2016"]
[Source "ChessBase"]
[SourceDate "2015.10.08"]
[SourceVersion "1"]
[SourceVersionDate "2015.10.08"]
[SourceQuality "1"]

1. e4 e5 2. Nf3 Nc6 3. Bc4 Bc5 4. Nc3 Nf6 5. 0-0 0-0 6. d3 h6 7. Be3 d6 8. h3 Qe7 9. Bxc5 dxc5 10. Nd5 Nxd5 11. exd5 Nd4 12. Nxd4 cxd4 13. Re1 Qg5 14. Qf3 a5 15. Qg3 Qxg3 16. fxg3 Re8 17. Bb5 Re7 18. c3 dxc3 19. bxc3 Bd7 20. Bxd7 Rxd7 21. Rxe5 f6 22. Rf5 Rad8 23. c4 b5 24. Rc1 1/2-1/2